| 000 | 00714cab a2200241 4500 | ||
|---|---|---|---|
| 001 | WB3513-42 | ||
| 008 | 090401t1999 xxu||||| |||| 00| 0 eng d | ||
| 035 | _a(Sirsi) u92443 | ||
| 041 | _aeng | ||
| 245 | _aTax breaks for village life | ||
| 260 | _c1999 | ||
| 350 | _a0 | ||
| 490 |
_aTimes _v30 March 1999, 14(1) |
||
| 520 | _aTax incentives to encourage an increase in affordable homes in rural communities is one of the ideas under consideration by the Countryside Agency. | ||
| 650 | _aAFFORDABLE HOMES | ||
| 650 | _aCOUNTRYSIDE AGENCY | ||
| 650 | _aRURAL AREAS | ||
| 650 | _aRURAL DEVELOPMENT | ||
| 650 | _aTAX INCENTIVES | ||
| 690 | _aHOUSING-DEVELOPMENT | ||
| 942 | _n0 | ||
| 948 | _c30/03/1999 | ||
| 999 |
_c58602 _d58602 |
||